000 02973cas a2200649 454500
001 prisma13604
005 20210818181254.0
008 740205c19729999sp ar bo 0 0spa
010 _a 73647481
012 _a-3-7-1504241235-p-----
016 7 _a009831186
_2Uk
016 7 _a009355305
_2Uk
022 _a0210-4547
_l0210-4547
035 _a(OCoLC)ocm01789589
042 _apcc
043 _acl-----
_ae-sp---
050 0 0 _aPQ7081.A1
_bA5
082 4 _a860.05
_bA532
210 0 _aAn. lit. hispanoam.
222 0 _aAnales de literature hispanoamericana
245 0 0 _aAnales de literatura hispanoamericana.
249 0 _iACQUIRE Title
_aAnales de literatura hispanoamericana.
264 1 _31972-
_aMadrid
_b[Universidad Complutense] Cátedra de Literatura Hispanoamericana.
264 3 1 _3<2005->
_aMadrid
_bDepartamento de Filología Española IV (Literatura Hispanoamericana)
300 _avolumes
_c24 cm
310 _aAnnual
336 _atext
_btxt
_2rdacontent
337 _aunmediated
_bn
_2rdamedia
338 _avolume
_bnc
_2rdacarrier
362 0 _a1972-
515 _aIssues for 2002- numbered vol. 31-
525 _aSome volumes have a special issue.
590 _aSERBIB/SERLOC merged record
592 _aACQN: aq 94031881
592 _aRec'd n5-19 (1976-90); n21 (1992); n24 (1995); n25 (1996);
650 0 _aSpanish american literature
_xHistory and criticism
_vPeriodicals.
650 0 _aSpanish literature
_xHistory and criticism
_vPeriodicals.
650 0 _aModernism (literature)
_zLatin America
_xHistory and criticism
_vPeriodicals.
650 0 _aModernism (literature)
_zSpain
_xHistory and criticism
_vPeriodicals.
650 1 7 _aLetterkunde
650 1 7 _aSpaans
650 7 _aLiteratura hispanoamericana
_xPublicaciones periodicas
710 2 _aUniversidad Complutense de Madrid.
_bCátedra de Literatura Hispanoamericana.
710 2 _aUniversidad Complutense de Madrid.
_bDepartamento de Filología Española IV.
776 0 8 _iOnline version
_tAnales de literatura hispanoamericana
_w(DLC) 2007252833
_w(OCoLC)85448451
776 0 8 _iOnline version
_tAnales de literatura hispanoamericana
_w(OCoLC)562612241
856 _uhttp://gateway.proquest.com/openurl?url_ver=Z39.88-2004&res_dat=xri:pqm&rft_val_fmt=info:ofi/fmt:kev:mtx:journal&genre=journal&req_dat=xri:pqil:pq_clntid=174072&svc_dat=xri:pqil:context=title&rft_dat=xri:pqd:PMID=13604
_zAcceder
859 4 1 _uhttp://bibpurl.oclc.org/web/74408
_uhttp://revistas.ucm.es/index.php/ALHI
890 _aAnales de literatura hispanoamericana. (Universidad Complutense] Cátedra de Literatura Hispanoamericana) Madrid.
_i73-647481
942 _hPQ7081.A1
999 _c9436
_d9436